Delitos contra la fe pb︢lica

Detalles Bibliográficos
Autor principal: Bernate Ochoa, Francisco
Formato: Libro
Lenguaje:español
Publicado: Bogot ̀: Universidad del Rosario, 2010
Materias:
Acceso en línea:Acceso restringido

MARC

LEADER 00000nam a22000007a 4500
005 20120104114140.0
007 cr|||| ||||
008 120104s2010 ck ||||| |||| 00| 0 spa d
035 |a 6121 
040 |a vLex 
090 |c 2882  |d 2882 
100 1 |a Bernate Ochoa, Francisco 
245 1 0 |a Delitos contra la fe pb︢lica  |h [Recurso electrn̤ico] /  |c Francisco Bernate Ochoa 
256 |a Servicio en ln̕ea 
260 |a Bogot ̀:  |b Universidad del Rosario,  |c 2010 
300 |a 1 recurso electrn̤ico 
506 1 |a Contenido solo disponible en los productos indicados  |d vLex Global   |d vLex Global (Academic Edition, excluding Law Schools)   |d vLex Global (U.S. Academic Edition, Law Schools)   |d vLex Global (U.S. Academic Edition, excluding Law Schools)   |d vLex Global (Academic Edition, Law Schools)  
650 0 4 |2 Tesauro vLex  |a Fe pb︢lica 
650 0 4 |2 Tesauro vLex  |a Derecho registral 
650 0 4 |2 Tesauro vLex  |a Derecho civil 
650 0 4 |a Falsificacin̤ 
740 0 |a vLex Libros (Servicio en ln̕ea) 
856 4 0 |u http://vlex.com/source/delitos-contra-fe-publica-6121  |z Acceso restringido 
942 |c BOOK 
999 0 |a Civil law 
999 0 |a Forgery